Państwa graniczące z Arabią Saudyjską - Statystyki

Ogólne statystyki
  • Ten quiz został rozwiązany 27 razy
  • Średni wynik to 7 z 8
Statystyki odpowiedzi
Hint Odpowiedź % Poprawnych
60km Katar
91%
676km Oman
91%
1458km Jemen
87%
222km Kuwejt
87%
(most) Bahrajn
83%
457km Zjednoczone Emiraty Arabskie
83%
814km Irak
78%
744km Jordania
74%
Nie znaleziono quizów pasujących do podanych kryteriów
Rozkład punktacji
Procent ludzi z każdym wynikiem
Percentyl według liczby udzielonych odpowiedzi
Twoja historia wyników
Nie rozwiązałeś tego quizu